000 00614nam a2200229Ia 4500
005 20240525094334.0
008 131103s9999 xx 000 0 und d
020 _a9.78E+12
_cRs.465
040 _aLoreto College
041 _aEnglish
082 _a005.13(J)
_bSCH
100 _aSchildt, Herbert
245 _aJAVA
_b the complete reference
_cHerbert Schildt
250 _a7th ed.
260 _aNew Delhi
_bTata McGraw-Hill Pub
_c2008
300 _axxx,1024p
504 _aIncludes index
650 _aComputer Programming Language
651 _aProgramming Languages
850 _aLCLIB
942 _cBK
999 _c20278
_d70757